SUPPLY CHAIN AND LOGISTICS (Record no. 5569)

MARC details
000 -LEADER
fixed length control field 00334nam a2200133Ia 4500
008 - FIXED-LENGTH DATA ELEMENTS--GENERAL INFORMATION
fixed length control field 240624s9999 xx 000 0 und d
041 ## - LANGUAGE CODE
Language code of text/sound track or separate title eng
082 ## - DEWEY DECIMAL CLASSIFICATION NUMBER
Classification number 658.7 TIM
100 ## - MAIN ENTRY--PERSONAL NAME
Personal name THE ECONOMIC TIMES
245 ## - TITLE STATEMENT
Title SUPPLY CHAIN AND LOGISTICS
260 ## - PUBLICATION, DISTRIBUTION, ETC.
Date of publication, distribution, etc. 2007
Place of publication, distribution, etc. Mumbai
Name of publisher, distributor, etc. The Economic Times
300 ## - PHYSICAL DESCRIPTION
Extent 162 : p. : cm. ; 26
365 ## - TRADE PRICE
Currency code RS
Holdings
Withdrawn status Lost status Damaged status Not for loan Home library Current library Shelving location Date acquired Source of acquisition Cost, normal purchase price Total Holds Full call number Barcode Date last seen Copy number Price effective from Koha item type
        IMTN IMTN Rack 33-B 07/26/2007 TM 995.00 6001 658.7 TIM 5569 06/24/2024 1 06/24/2024 Books
Designed & Maintained by: LRC IMT Nagpur Contact: lrc@imtnag.ac.in© 2024. All Rights Reserved.